Determinación de profundidad de solera en cuencos disipadores de energía /

Guardado en:
Autor Principal: Muradás, Manuel.
Formato: Libro
Idioma:Spanish
Publicado: Bahía Blanca : Universidad nacional del Sur, 1980.
Series:Depto.de Ingeniería
Etiquetas: Agregar Etiqueta
Sin Etiquetas, Sea el primero en etiquetar este registro!
LEADER 00549nam a22001575a 4500
001 EUN.um038385
003 AR-BaUNS
005 20050623122910.0
008 041125s1980####ag#a##########000#0#spa#d
245 1 0 |a Determinación de profundidad de solera en cuencos disipadores de energía /  |c Manuel Muradás. 
260 |a Bahía Blanca :  |b Universidad nacional del Sur,  |c 1980. 
300 |a No paginado :  |b ilus. ;  |c 28 cm. . 
490 0 |a Depto.de Ingeniería 
100 1 |a Muradás, Manuel. 
082 0 4 |a 627 
859 |a Ar-BaUNS  |b BIB. CENTRAL - Sector C  |h 627  |i M931-1  |p 90085/982